000 00591nam a2200205Ia 4500
005 20250508162111.0
008 008 250505s9999 xx 000 0 eng d
037 _aTextual
040 _aFEDL
_beng
_cFEDL
041 _aeng
_2eng
084 _a152.5, GOK
_qFEDL
100 _aGokulanathan P P
_9772293
245 0 _aAchievement-related motivation among tribal adolescent puplis
260 _aBombay, India
_bHimalaya Publishing House
_c1979
300 _a154p.
365 _aINR
_b30
650 _aPerception
942 _cTEXL
_h152.5, GOK
999 _c1374377
_d1374377